Música, literatura y poder en la España moderna /

Na minha lista:
Detalhes bibliográficos
Autor principal: Pastor Comín, Juan José (autor.)
Formato: livro electrónico
Idioma:espanhol
Publicado em: Madrid : Dykinson, 2024.
Assuntos:
Acesso em linha:https://elibro.unach.elogim.com/es/lc/unach/titulos/275506
Tags: Adicionar Tag
Sem tags, seja o primeiro a adicionar uma tag!

MARC

LEADER 00000nam a2200000 i 4500
001 ELB275506
003 FINmELB
005 20241121102418.0
006 m o u
007 cr cn|||||||||
008 241121s2024 sp ob 000 0 spa d
020 |a 9788410705586  |q (e-book) 
035 |a (OCoLC)1472950450 
040 |a FINmELB  |b spa  |e rda  |c FINmELB 
043 |a e-sp--- 
050 1 4 |a N72.S6  |b P293 2024 
080 |a 316.74:7 
082 0 4 |a 700.1030946  |2 23 
100 1 |a Pastor Comín, Juan José,  |e autor. 
245 1 0 |a Música, literatura y poder en la España moderna /  |c Juan José Pastor Comín, Paulino Capdepón Verdú, Francisco Manuel López Gómez (coordinadores). 
264 1 |a Madrid :  |b Dykinson,  |c 2024. 
300 |a 1 recurso en línea (733 páginas) 
336 |a texto  |b txt  |2 rdacontent/spa 
337 |a computadora  |b c  |2 rdamedia/spa 
338 |a recurso en línea  |b cr  |2 rdacarrier/spa 
504 |a Incluye referencias bibliográficas. 
588 |a Descripción basada en metadatos suministrados por el editor y otras fuentes. 
590 |a Recurso electrónico. Santa Fe, Arg.: elibro, 2024. Disponible vía World Wide Web. El acceso puede estar limitado para las bibliotecas afiliadas a elibro. 
650 4 |a Arte y sociedad  |z España. 
650 4 |a Música  |x Aspectos políticos. 
650 4 |a Literatura y sociedad  |z España. 
651 4 |a España  |x Historia. 
655 4 |a Libros electrónicos. 
797 2 |a elibro, Corp. 
856 4 0 |u https://elibro.unach.elogim.com/es/lc/unach/titulos/275506